Score 0/20 Timer 04:00
14 Plays Today
% Correct
Carrots
99.1%
Pumpkin
98.9%
Basketball
98.7%
Goldfish
98.6%
Tangerine
98%
Monarch
97.3%
Bonfire
97.1%
Tiger
96.9%
Garfield
96.1%
Apricot
95.8%
% Correct
Traffic Cone
94.7%
Life Jacket
93.2%
Cantaloupe
87.1%
Clownfish
87%
Cheetos
84.9%
Lava
83%
Ernie
82%
Candy Corn
79.8%
Snooki
76.9%
Oriole
47.6%
Remove Ads.
Support Sporcle.
Get the best of Sporcle when you Go Orange. This ad-free experience offers more features, more stats, and more fun while also helping to support Sporcle. Thank you for becoming a member.

You're not logged in!

Compare scores with friends on all Sporcle quizzes.
OR
Log In

Show Comments

Extras

Top Quizzes Today


Score Distribution

Your Account Isn't Verified!

In order to create a playlist on Sporcle, you need to verify the email address you used during registration. Go to your Sporcle Settings to finish the process.

Report this User

Report this user for behavior that violates our Community Guidelines.

Details: